| 000 | 00822nam a22002297a 4500 | ||
|---|---|---|---|
| 003 | OSt | ||
| 005 | 20250826104618.0 | ||
| 008 | 250826b |||||||| |||| 00| 0 eng d | ||
| 037 | _cDissertation | ||
| 040 |
_aFEDL _beng _cFEDL |
||
| 041 |
_aeng _heng |
||
| 082 | _a370.193 TRI/DI | ||
| 100 |
_aTripathi, Rishabh _9818861 |
||
| 110 |
_aUniversity of Delhi. Department of Education _9818316 |
||
| 245 |
_aImpact of educational tours on psychosocial competencies among university students/ _cby Rishabh Tripathi; Ananthula Raghu. Supervisor |
||
| 260 |
_bUniversity of Delhi _c2025 |
||
| 300 | _ax, 106p. | ||
| 650 |
_aEDUCATION- UNIVERSITY STUDENTS RELATIONS _9818862 |
||
| 700 |
_aRaghu, Ananthula. Supervisor _9818863 |
||
| 942 |
_2ddc _cDIS _h370.193 TRI/DI _n0 |
||
| 999 |
_c1434882 _d1434882 |
||